00536nam a2200157Ia 4500008004100000020001500041082001600056100001600072245001800088260007500106300002700181490001300208942004700221952009500268999001500363250529s9999 xx 000 0 und d a9991571809 a891.4891SAL aAdam Saleem 0aGulisthaanu 1 aMale'bDhivehibahaai Thaareekhah Khidhumaiykuraa Qaumee Marukazuc1997 a260 p. : ill. ; 21 cm. vMalas 95 h891.4891iSALcAD6891_489100000000000_SAL 93766aKFPLbKFPLcDHId2025-05-29l0o891.4891SALpKL-2024-001156r2025-05-29 12:19:56yAD c3460d3460